02286nam a2200325uu 4500001000800000005001700008007001000025008004100035035001200076040001300088041000800101082000800109100002800117245009300145260005500238300001300293520118800306650002401494650001701518650002001535650003601555650003501591650002901626650002601655650004001681700002901721700002901750700004801779500013301827137234120260508085034.0co|||||||140527e20130527 spa  a1372341 ccomduadb aspa 4a36310aSierra, Clara4auteaut10aUso y manejo del agua potable en la población del barrio Villa Arabia 1, Caucasia 2013 aCaucasia (Antioquia, Colombia) :bAutor(a),c2013. a1 CD-ROM3 aEl agua es uno de los recursos más importantes para el bienestar, salud y la vida de seres humanos, plantas y animales. Cada día observamos que con el abuso y la intervención humana en los recursos naturales los ha ido degradando, dando lugar a fenómenos como el calentamiento global, la contaminación del ambiente, la erosión de tierras fértiles, la extinción de especies y perdida del agua. El objetivo que pretende este trabajo es el de describir los usos que se le dá al agua potable en las viviendas pertenecientes al barrio Villa Arabia 1 de Caucasia-2013. Se realizará un estudio descriptivo de corte trasversal utilizando un instrumento tipo encuesta. Se tratara de concientizar a la comunidad del barrio Villa Arabia 1 sobre los usos adecuados al agua potable. Con el primer objetivo específico logramos identificar los usos que tienen la población del barrio villa Arabia por medio de la encuesta, también se exploraron las CAP's por medio de imágenes y la encuesta donde se apreciaron todos los comportamientos de los habitantes y por último se logró capacitar a la población por medio de una charla educativa, de volantes y de plegables. 7aAgua potable2embne aUso del agua aAhorro del agua aEducación ambiental municipal 7aContaminación del agua2lemb aReutilización del agua aRacionamiento de agua 7aAguaxLegislaciónzColombia2lemb10aBarrera, Nolfa4auteaut10aBenítez, Ana4auteaut10aPérez Osorno, Margarita María4thseths aTesis (Tecnólogo en Medio Ambiente) Universidad de Antioquia. Facultad Nacional de Salud Publica - Título del grado otorgado